000 00425nam a2200169Ia 4500
005 20250603145611.0
008 250603s9999 xx 000 0 und d
020 _a9789789352630
050 _aHM 753 .P76/
245 0 _aPromoting a culture of peace in Nigeria through intercultural dialogue and education
260 _aAbuja
260 _bUNESCO
260 _c2010
300 _a14 p
650 _aAbuja
942 _cBK
999 _c42317
_d42317